[Event "24th ch-EUR Indiv 2024"]
[Site "Petrovac MNE"]
[Date "2024.11.09"]
[Round "2.42"]
[White "Injac, Teodora"]
[Black "Romanov, Evgeny"]
[Result "0-1"]
[WhiteTitle "IM"]
[BlackTitle "GM"]
[WhiteElo "2429"]
[BlackElo "2584"]
[WhiteFideId "932400"]
[BlackFideId "4148843"]
[EventDate "2024.11.08"]

1. Nf3 Nf6 2. g3 b5 3. Bg2 Bb7 4. O-O c5 5. a4 b4 6. a5 e6 7. c3 Be7 8. cxb4
cxb4 9. d3 O-O 10. Nbd2 d5 11. Nb3 a6 12. Bd2 Nc6 13. Nfd4 Bd6 14. Qb1 Qe7 15.
Qa2 Nd8 16. Rae1 g6 17. e4 dxe4 18. dxe4 e5 19. Nc2 Rc8 20. Qb1 Qe6 21. Nc1 Nc6
22. Nd3 b3 23. Ncb4 Nxa5 24. f4 Nc4 25. Bc3 Bxb4 26. Bxb4 Rfd8 27. Kh1 Ng4 28.
f5 Qb6 29. Bc3 Nce3 30. Nxe5 Nxe5 31. Bxe5 Rc2 32. fxg6 hxg6 33. Rf6 Qc5 0-1

[Event "24th ch-EUR Indiv 2024"]
[Site "Petrovac MNE"]
[Date "2024.11.09"]
[Round "2.43"]
[White "Laurent-Paoli, Pierre"]
[Black "Tadic, Stefan"]
[Result "1-0"]
[WhiteTitle "GM"]
[BlackTitle "IM"]
[WhiteElo "2583"]
[BlackElo "2422"]
[WhiteFideId "26017962"]
[BlackFideId "958980"]
[EventDate "2024.11.08"]

1. d4 d5 2. c4 dxc4 3. e3 c5 4. Bxc4 e6 5. Nf3 Nf6 6. O-O Be7 7. b3 O-O 8. Bb2
Nbd7 9. Ne5 cxd4 10. Qxd4 Qa5 11. Be2 Qxe5 12. Qxe5 Nxe5 13. Bxe5 b6 14. Rc1 Nd5
15. e4 Bg5 16. Rd1 Bf6 17. Bxf6 Nxf6 18. Nc3 Bb7 19. f3 Rfd8 20. Nb5 Ba6 21. Kf2
Kf8 22. Nc7 Bxe2 23. Kxe2 Rxd1 24. Rxd1 Rc8 25. Rc1 Kg8 26. Rc6 Ne8 27. Nd5 Rxc6
28. Ne7+ Kf8 29. Nxc6 a5 30. Ne5 Nf6 31. Kd3 Ke7 32. Kc4 Nd7 33. Nxd7 Kxd7 34.
Kb5 Kc7 35. e5 f6 36. f4 f5 37. a3 Kb7 38. b4 axb4 39. axb4 h6 40. h3 g6 41. h4 1-0

[Event "24th ch-EUR Indiv 2024"]
[Site "Petrovac MNE"]
[Date "2024.11.09"]
[Round "2.44"]
[White "Licznerski, Lukasz"]
[Black "Gazik, Viktor"]
[Result "1/2-1/2"]
[WhiteTitle "IM"]
[BlackTitle "GM"]
[WhiteElo "2422"]
[BlackElo "2579"]
[WhiteFideId "1179250"]
[BlackFideId "14928752"]
[EventDate "2024.11.08"]

1. e4 c5 2. Nf3 d6 3. d4 cxd4 4. Nxd4 Nf6 5. Nc3 a6 6. Be3 Ng4 7. Bc1 Nc6 8. Be2
Qb6 9. Bxg4 Qxd4 10. Be3 Qxd1+ 11. Bxd1 Be6 12. Be2 g6 13. O-O-O Bg7 14. Nd5 Rc8
15. Nb6 Rc7 16. Na8 Rc8 17. Nb6 Rd8 18. Kb1 O-O 19. f4 f5 20. exf5 Bxf5 1/2-1/2

[Event "24th ch-EUR Indiv 2024"]
[Site "Petrovac MNE"]
[Date "2024.11.09"]
[Round "2.45"]
[White "Gumularz, Szymon"]
[Black "Godena, Michele"]
[Result "1-0"]
[WhiteTitle "GM"]
[BlackTitle "GM"]
[WhiteElo "2579"]
[BlackElo "2419"]
[WhiteFideId "1188062"]
[BlackFideId "800090"]
[EventDate "2024.11.08"]

1. e4 e5 2. Nf3 Nc6 3. Bc4 Bc5 4. d3 Nf6 5. Bg5 h6 6. Bh4 Be7 7. a4 d6 8. Bg3
O-O 9. Nbd2 Nh7 10. a5 a6 11. c3 Kh8 12. O-O f5 13. exf5 Bxf5 14. Re1 Ng5 15.
Qb3 Nxf3+ 16. Nxf3 Rb8 17. d4 exd4 18. Nxd4 Nxd4 19. cxd4 Bf6 20. Rad1 b6 21.
Qa3 bxa5 22. Qxa5 Bg4 23. f3 Bd7 24. b3 Bb5 25. Be6 Bd7 26. Bc4 Bb5 27. Bd5 Re8
28. Qd2 Qd7 29. Be4 Re7 30. Bf4 g5 31. Bg3 Rbe8 32. d5 Be5 33. Rc1 Kg7 34. Rc2
Kf8 35. Rec1 Rc8 36. Bxe5 Rxe5 37. Qa5 Re7 38. Qc3 Rg7 39. Qf6+ Qf7 40. Qxh6 Qf4
41. Qh8+ Rg8 42. Qh6+ Rg7 43. g3 Qe3+ 44. Kg2 Bd7 45. h4 Kg8 46. hxg5 Re8 47.
Rh1 Rxe4 48. Qh8+ Kf7 49. Rh7 Rf4 1-0

[Event "24th ch-EUR Indiv 2024"]
[Site "Petrovac MNE"]
[Date "2024.11.09"]
[Round "2.46"]
[White "Kourkoulos-Arditis, Stamatis"]
[Black "Pasztor, Balazs"]
[Result "1/2-1/2"]
[WhiteTitle "GM"]
[BlackTitle "FM"]
[WhiteElo "2575"]
[BlackElo "2419"]
[WhiteFideId "4221990"]
[BlackFideId "774723"]
[EventDate "2024.11.08"]

1. e4 c5 2. Nf3 d6 3. d4 cxd4 4. Nxd4 Nf6 5. Nc3 Nc6 6. Bg5 e6 7. Qd2 a6 8.
O-O-O Be7 9. Bxf6 gxf6 10. f4 Bd7 11. Kb1 Nxd4 12. Qxd4 Qa5 13. f5 Qc5 14. Qd2
h5 15. Be2 O-O-O 16. Rhf1 Kb8 17. Rf3 Rc8 18. Rh3 h4 19. Qe1 Bc6 20. fxe6 fxe6
21. Rxh4 f5 22. Rxh8 Rxh8 23. exf5 Qxf5 24. Bc4 Rh6 25. Qe3 Bg5 26. Qd4 Bf4 27.
Rf1 e5 28. Qb6 Rxh2 29. Bd5 Qc8 30. g3 Bh6 31. a4 Rd2 32. Rh1 Bg7 33. Bxc6 Qxc6
34. Qxc6 bxc6 35. Rh7 Bf6 36. Ne4 Rd1+ 37. Ka2 Bd8 38. Rh8 Kc7 39. Rh7+ Kc8 40.
c3 Bc7 41. Rh8+ Kd7 42. Rh7+ Kc8 43. Rh6 Kd7 44. g4 Bd8 45. Rh7+ Ke6 46. Rh6+
Kd7 47. Rh7+ Ke6 48. Rh6+ 1/2-1/2

[Event "24th ch-EUR Indiv 2024"]
[Site "Petrovac MNE"]
[Date "2024.11.09"]
[Round "2.47"]
[White "Travadon, Loic"]
[Black "Muradli, Mahammad"]
[Result "1/2-1/2"]
[WhiteTitle "IM"]
[BlackTitle "GM"]
[WhiteElo "2419"]
[BlackElo "2575"]
[WhiteFideId "26092131"]
[BlackFideId "13409301"]
[EventDate "2024.11.08"]

1. e4 c5 2. Nf3 d6 3. d4 cxd4 4. Nxd4 Nf6 5. Nc3 a6 6. Nf3 Nbd7 7. a4 b6 8. Bc4
e6 9. O-O Bb7 10. Nd4 Qc7 11. Ba2 Nc5 12. f3 Be7 13. Qe1 O-O 14. Be3 Rac8 15.
Kh1 d5 16. exd5 Nxd5 17. Bxd5 Bxd5 18. Nxd5 exd5 19. Qd2 Bf6 20. Rfe1 h6 21. Bf4
Qd7 22. Be5 Bxe5 23. Rxe5 Rfe8 24. Rxe8+ Rxe8 25. b3 Ne6 26. Nxe6 fxe6 27. c4
Rd8 28. Rd1 d4 29. Qd3 Qd6 30. g3 e5 31. Kg2 Qb4 32. Rd2 Rd6 1/2-1/2

[Event "24th ch-EUR Indiv 2024"]
[Site "Petrovac MNE"]
[Date "2024.11.09"]
[Round "2.48"]
[White "Piliposyan, Robert"]
[Black "Yilmaz, Mustafa"]
[Result "0-1"]
[WhiteTitle "IM"]
[BlackTitle "GM"]
[WhiteElo "2418"]
[BlackElo "2568"]
[WhiteFideId "13309978"]
[BlackFideId "6302718"]
[EventDate "2024.11.08"]

1. d4 Nf6 2. c4 e6 3. Nf3 d5 4. Nc3 Nbd7 5. Bg5 h6 6. Bh4 Be7 7. e3 O-O 8. Qc2
c5 9. dxc5 Qa5 10. a3 dxc4 11. Bxc4 Qxc5 12. Be2 Nd5 13. Bxe7 Nxe7 14. O-O Nf6
15. b4 Qc7 16. Rac1 Bd7 17. Qb2 Qb8 18. Rfd1 Rd8 19. b5 Be8 20. Bd3 a6 21. a4
axb5 22. Bxb5 Bxb5 23. Qxb5 Rxd1+ 24. Rxd1 Qc7 25. Qb3 Ned5 26. Nxd5 Nxd5 27.
Nd4 b6 28. h3 Qc3 29. Qb5 Qa5 30. Ra1 Qc3 31. Rd1 Qa5 32. Ra1 Qxb5 33. Nxb5 f5
34. g4 g6 35. Ra3 Kg7 36. gxf5 gxf5 37. Nc3 Nf6 38. Rb3 Rc8 39. Ne2 Nd5 40. Nf4
Nxf4 41. exf4 Rc4 42. Rxb6 Kf6 43. a5 Rxf4 44. Rb7 Ra4 45. Rh7 Kg5 46. Re7 Kf6
47. Rh7 h5 48. Rh6+ Kf7 49. Rxh5 Kg6 50. Rh8 Rxa5 51. Kg2 e5 52. Rg8+ Kh5 53.
Rh8+ Kg5 54. Rg8+ Kf4 55. h4 Ra6 56. Rg3 Rh6 57. Rf3+ Kg4 58. Re3 Re6 59. Rh3
Ra6 60. f3+ Kh5 61. Rh1 Ra2+ 62. Kh3 Ra3 63. Kg2 Ra2+ 64. Kh3 Ra3 65. Kg2 e4 66.
Rf1 f4 67. fxe4 Kg4 68. e5 f3+ 69. Kf2 Kf4 70. e6 Ra2+ 71. Kg1 Kg3 72. e7 Rg2+
73. Kh1 Rh2+ 74. Kg1 Rg2+ 75. Kh1 f2 0-1

[Event "24th ch-EUR Indiv 2024"]
[Site "Petrovac MNE"]
[Date "2024.11.09"]
[Round "2.49"]
[White "Dragnev, Valentin"]
[Black "Yankelevich, Lev"]
[Result "1/2-1/2"]
[WhiteTitle "GM"]
[BlackTitle "GM"]
[WhiteElo "2566"]
[BlackElo "2417"]
[WhiteFideId "1634852"]
[BlackFideId "24684074"]
[EventDate "2024.11.08"]

1. e4 e6 2. d4 d5 3. Nd2 c5 4. Ngf3 cxd4 5. Nxd4 Nc6 6. Bb5 Bd7 7. Nxc6 bxc6 8.
Bd3 Bd6 9. Qe2 Qc7 10. b3 Ne7 11. Nf3 e5 12. Nh4 O-O 13. f3 Bb4+ 14. Bd2 Qa5 15.
Bxb4 Qxb4+ 16. Qd2 Qc5 17. Rc1 a5 18. Qf2 Qc3+ 19. Qd2 Qc5 20. Qf2 Qc3+ 21. Qd2 1/2-1/2

[Event "24th ch-EUR Indiv 2024"]
[Site "Petrovac MNE"]
[Date "2024.11.09"]
[Round "2.50"]
[White "Dotzer, Lukas"]
[Black "Kadric, Denis"]
[Result "1/2-1/2"]
[WhiteTitle "FM"]
[BlackTitle "GM"]
[WhiteElo "2418"]
[BlackElo "2562"]
[WhiteFideId "1666975"]
[BlackFideId "14403803"]
[EventDate "2024.11.08"]

1. e4 e5 2. Nf3 Nc6 3. d4 exd4 4. Nxd4 Bc5 5. Nb3 Bb6 6. Nc3 d6 7. Qe2 a5 8. Be3
Bxe3 9. Qxe3 a4 10. Nd4 a3 11. b3 Nge7 12. Nxc6 bxc6 13. Bd3 O-O 14. O-O f5 15.
e5 f4 16. Qf3 Ra5 17. Rfe1 Rxe5 18. Rxe5 dxe5 19. Rd1 Qe8 20. Re1 Ng6 21. Qh5
Qd8 22. h3 Rf6 23. h4 Rf8 24. Nb1 Qd6 25. Nd2 Qf6 26. Ne4 Qxh4 27. Qxh4 Nxh4 28.
Bc4+ Kh8 29. Ng5 h6 30. Nf7+ Kh7 31. Nxe5 Re8 32. Bd3+ Bf5 33. Kf1 Bxd3+ 34.
cxd3 c5 35. Re4 g5 36. Nd7 Rxe4 37. dxe4 Ng6 38. Nxc5 Ne5 39. Na6 c6 40. Nb4 c5
41. Nc2 Nd3 42. Nxa3 Nc1 43. Nb5 Nxa2 44. e5 Nc1 45. e6 Kg7 46. Nc7 Kf6 47. b4
cxb4 48. Nd5+ Kxe6 49. Nxb4 h5 50. f3 g4 51. fxg4 hxg4 52. g3 f3 53. Kf2 Ke5 54.
Ke3 Ne2 55. Nd3+ Kf5 56. Ne1 Ng1 57. Nc2 Ke5 58. Ne1 Kd5 59. Nd3 Nh3 60. Nb4+
Ke6 61. Nc2 Ke5 62. Ne1 Ng5 63. Nd3+ Kf5 64. Ne1 Kf6 65. Nd3 Nh3 66. Nc5 Kf5 67.
Nd3 Ng1 68. Ne1 Kg5 69. Nd3 Nh3 70. Ne5 f2 71. Ke2 Kf5 72. Nc4 1/2-1/2

[Event "24th ch-EUR Indiv 2024"]
[Site "Petrovac MNE"]
[Date "2024.11.09"]
[Round "2.51"]
[White "Sanal, Vahap"]
[Black "Sieciechowicz, Marcin"]
[Result "1-0"]
[WhiteTitle "GM"]
[BlackTitle "IM"]
[WhiteElo "2561"]
[BlackElo "2416"]
[WhiteFideId "6300545"]
[BlackFideId "1130170"]
[EventDate "2024.11.08"]

1. d4 Nf6 2. Bg5 g6 3. Bxf6 exf6 4. c4 d5 5. cxd5 Qxd5 6. Nc3 Bb4 7. Qa4+ Nc6 8.
Qxb4 Nxb4 9. Nxd5 Nxd5 10. Rc1 c6 11. e3 Be6 12. a3 O-O-O 13. Ne2 Rhe8 14. g3
Bg4 15. Nc3 Nxc3 16. bxc3 Bf3 17. Rg1 c5 18. Bc4 Bd5 19. Be2 f5 20. c4 Bc6 21.
d5 Bd7 22. Kd2 Kc7 23. Rb1 Rb8 24. Rb2 b6 25. Rgb1 Rb7 26. Bd1 Reb8 27. a4 Kd6
28. Ra1 a6 29. Kc3 f6 30. Bc2 Be8 31. Bd3 Bd7 32. Be2 Be8 33. Bf1 Bd7 34. h4 h6
35. Bd3 h5 36. Kd2 Be8 37. Kc3 Bd7 38. Re2 Re8 39. Rb1 Reb8 40. Ra2 Be8 41. f3
Bd7 42. Rf1 Re8 43. Kd2 Reb8 44. g4 fxg4 45. fxg4 Ke5 46. gxh5 gxh5 47. Kc3 b5
48. axb5 axb5 49. Ra5 bxc4 50. Bxc4 Rg8 51. Rxc5 Rg3 52. d6+ Kxd6 53. Rxh5 f5
54. Kd4 Rg4+ 55. Rf4 Rg6 56. Rh7 Rb4 57. Kc3 1-0

[Event "24th ch-EUR Indiv 2024"]
[Site "Petrovac MNE"]
[Date "2024.11.09"]
[Round "2.52"]
[White "Fus, Jakub"]
[Black "Can, Emre"]
[Result "0-1"]
[WhiteTitle "IM"]
[BlackTitle "GM"]
[WhiteElo "2417"]
[BlackElo "2559"]
[WhiteFideId "1193023"]
[BlackFideId "6302181"]
[EventDate "2024.11.08"]

1. d4 Nf6 2. Nf3 e6 3. c4 h6 4. g3 Bb4+ 5. Nbd2 O-O 6. Bg2 d5 7. O-O b6 8. Qc2
Bb7 9. Rd1 Nbd7 10. a3 Be7 11. b4 c5 12. cxd5 Bxd5 13. dxc5 bxc5 14. b5 a6 15.
e4 Bb7 16. bxa6 Rxa6 17. Bb2 Qa8 18. e5 Nd5 19. Bf1 Ra7 20. Nc4 Bc6 21. Re1 N7b6
22. Nfd2 Na4 23. Bc1 Nac3 24. Bb2 Na4 25. Bc1 Ndc3 26. Nb6 Qd8 27. Nxa4 Qd5 28.
f3 Qd4+ 29. Kg2 Bxa4 30. Nb3 Qd5 31. Qxc3 Bxb3 32. Re4 f5 33. Bc4 Bxc4 34. Rxc4
Rb8 35. Ra2 Rb4 36. Rc2 Rxc4 37. Qxc4 Qxe5 38. Bb2 Qd5 39. Qe2 Kf7 40. Rd2 Qc6
41. Rc2 Rb7 42. h4 Rb3 43. Bc1 g5 44. hxg5 hxg5 45. Kf2 Qd5 46. Rd2 Qb7 47. Qd1
Kg6 48. Qe2 Qc6 49. Rc2 c4 50. Be3 Bc5 51. Bxc5 Qxc5+ 52. Kg2 Qd5 53. Kf2 Rxa3
54. Rxc4 Rxf3+ 55. Qxf3 Qxc4 56. Qa8 Qc2+ 57. Kf1 Qd1+ 58. Kf2 Kh5 59. Qc6 Qd4+
60. Kf1 Qd1+ 61. Kf2 Qd4+ 62. Kf1 Kg4 63. Qxe6 Qd1+ 64. Kf2 Qf3+ 65. Kg1 Qxg3+
66. Kh1 Qf3+ 67. Kh2 Qf4+ 68. Kg1 Qe4 69. Qb3 Qe1+ 70. Kg2 Qe2+ 71. Kg1 f4 72.
Qf7 Kg3 0-1

[Event "24th ch-EUR Indiv 2024"]
[Site "Petrovac MNE"]
[Date "2024.11.09"]
[Round "2.53"]
[White "Vogel, Roven"]
[Black "Koelle, Tobias"]
[Result "0-1"]
[WhiteTitle "GM"]
[BlackTitle "IM"]
[WhiteElo "2558"]
[BlackElo "2414"]
[WhiteFideId "12908088"]
[BlackFideId "16207378"]
[EventDate "2024.11.08"]

1. c4 e5 2. Nc3 Bb4 3. Nd5 Be7 4. Nf3 d6 5. g3 c6 6. Nc3 f5 7. d3 Nf6 8. Bg2 O-O
9. O-O a5 10. c5 Na6 11. cxd6 Qxd6 12. b3 Be6 13. Bb2 Rad8 14. Rc1 Nd7 15. Qc2
Bf6 16. Rfd1 Nb6 17. Qb1 Qb8 18. Qa1 Rfe8 19. e4 Nb4 20. Qb1 Re7 21. a3 Na6 22.
exf5 Bxf5 23. Ne4 Red7 24. Bc3 Rd5 25. Nxf6+ gxf6 26. Nh4 Bg4 27. Bxd5+ Nxd5 28.
Re1 Nxc3 29. Rxc3 Qd6 30. Qc1 Nc7 31. b4 axb4 32. axb4 Nb5 33. Rc5 Qxd3 34.
Rcxe5 fxe5 35. Qg5+ Kf7 36. Qxg4 Rd5 37. Qh5+ Ke6 38. f4 Qc3 39. Nf3 Kd6 40.
fxe5+ Kc7 41. Qxh7+ Rd7 42. Qe4 Nd4 43. Nh4 Qxb4 44. Rf1 Qc4 45. Rf2 b5 46. Ng6
b4 47. Nf4 b3 48. e6 b2 49. Kg2 Qc1 50. Nd3 Nxe6 51. Qe5+ Rd6 52. Nxc1 bxc1=Q
53. Rf7+ Kb6 54. Qxd6 Qc2+ 55. Rf2 Qe4+ 56. Kf1 Qb1+ 57. Ke2 Qc2+ 58. Ke1 Qb1+
59. Qd1 Qe4+ 60. Re2 Qh1+ 61. Kd2 Qd5+ 62. Kc1 Nd4 63. Rb2+ Kc7 64. h4 Qc5+ 65.
Kb1 Qf5+ 66. Ka1 Qa5+ 67. Ra2 Qc3+ 68. Kb1 Nb5 69. Qd2 Na3+ 0-1

[Event "24th ch-EUR Indiv 2024"]
[Site "Petrovac MNE"]
[Date "2024.11.09"]
[Round "2.54"]
[White "Asadli, Vugar"]
[Black "Vanczak, Tamas"]
[Result "1-0"]
[WhiteTitle "GM"]
[BlackTitle "IM"]
[WhiteElo "2554"]
[BlackElo "2413"]
[WhiteFideId "13405764"]
[BlackFideId "759929"]
[EventDate "2024.11.08"]

1. e4 c5 2. Nf3 d6 3. d4 cxd4 4. Nxd4 Nf6 5. Nc3 a6 6. Be3 e5 7. Nb3 Be6 8. h3
Nbd7 9. g4 h6 10. Qd3 Rc8 11. O-O-O Be7 12. Kb1 Qc7 13. f4 exf4 14. Bxf4 Ne5 15.
Qe2 O-O 16. Qg2 Nfd7 17. Nd5 Bxd5 18. exd5 Bf6 19. c3 b5 20. h4 Ng6 21. Bg3 Rfe8
22. Bd3 Be5 23. Nd4 b4 24. Bxg6 fxg6 25. cxb4 Qc4 26. Bxe5 Nxe5 27. a3 a5 28. b5
Nd3 29. Qd2 Qxd4 30. Qxd3 Qa4 31. g5 h5 32. Qxg6 Qxb5 33. Rhe1 Rxe1 34. Rxe1
Qxd5 35. Qxh5 Qd2 36. Re8+ Rxe8 37. Qxe8+ Kh7 38. Qe4+ g6 39. Qe7+ Kg8 40. Qe6+
Kg7 41. Qf6+ Kh7 42. Qf7+ Kh8 43. Qf8+ 1-0

[Event "24th ch-EUR Indiv 2024"]
[Site "Petrovac MNE"]
[Date "2024.11.09"]
[Round "2.55"]
[White "Parligras, Mircea-Emilian"]
[Black "Tutisani, Noe"]
[Result "0-1"]
[WhiteTitle "GM"]
[BlackTitle "IM"]
[WhiteElo "2550"]
[BlackElo "2411"]
[WhiteFideId "1204297"]
[BlackFideId "13602853"]
[EventDate "2024.11.08"]

1. d4 d5 2. c4 dxc4 3. e3 e5 4. Bxc4 Nc6 5. Nf3 e4 6. Qb3 Nh6 7. Nfd2 f5 8. Nc3
Bd6 9. Nb5 Be7 10. Be2 a6 11. Nc3 Nf7 12. g4 Nd6 13. Nc4 Nxc4 14. Bxc4 Na5 15.
Qa4+ c6 16. Be2 b5 17. Qc2 O-O 18. Bd2 fxg4 19. Nxe4 Bf5 20. Bd3 Kh8 21. h3 g3
22. Nxg3 Bxd3 23. Qxd3 Nc4 24. Bc3 Ne5 25. Qe4 Nf3+ 26. Ke2 b4 27. Be1 Qa5 28.
a4 Bd6 29. Rc1 Rae8 30. Qd3 Qd5 31. Qc4 Nxd4+ 32. Kf1 Qf3 33. Qxd4 Bxg3 34. Rg1
Rxe3 35. Rg2 Qe2+ 36. Kg1 Qxe1+ 0-1

[Event "24th ch-EUR Indiv 2024"]
[Site "Petrovac MNE"]
[Date "2024.11.09"]
[Round "2.56"]
[White "Talibov, Shiroghlan"]
[Black "Petkov, Momchil"]
[Result "1/2-1/2"]
[WhiteTitle "FM"]
[BlackTitle "GM"]
[WhiteElo "2415"]
[BlackElo "2549"]
[WhiteFideId "13429078"]
[BlackFideId "2921642"]
[EventDate "2024.11.08"]

1. e4 c5 2. Nf3 d6 3. Nc3 a6 4. d4 cxd4 5. Nxd4 Nf6 6. Be3 e5 7. Nf3 Be7 8. h3
Be6 9. g4 Qa5 10. Nd2 d5 11. Nb3 Qd8 12. exd5 Nxd5 13. Bg2 Bb4 14. O-O Bxc3 15.
bxc3 Nxe3 16. Qxd8+ Kxd8 17. fxe3 Ra7 18. Nc5 Ke7 19. Bxb7 Nd7 20. Nxd7 Rxb7 21.
Nxe5 Rc8 22. c4 Rc5 23. Nf3 Bxc4 24. Rfc1 h5 25. Kf2 hxg4 26. hxg4 Rb2 27. a3
Be6 28. Nd4 Bxg4 29. Rg1 Bf5 30. Rxg7 Bxc2 31. Nxc2 Rcxc2+ 32. Kf3 Rf2+ 33. Ke4
Ra2 34. Rgg1 Ke6 35. Rgc1 f5+ 36. Kd4 Rfd2+ 37. Kc3 Ke5 38. Rxa2 Rxa2 39. Kb4
Re2 40. Rc5+ Ke4 41. Rc6 Rxe3 42. Rxa6 f4 43. Rf6 f3 44. Rf8 Rd3 45. a4 Rd4+ 46.
Kb5 Rd5+ 47. Kb6 Rf5 48. Re8+ Kd3 49. Re1 Kc4 50. a5 Rf6+ 51. Kc7 Kb5 52. Kd7 f2
53. Rf1 Kxa5 54. Ke7 Rf3 55. Ke6 Kb4 56. Ke5 Kc3 57. Ke4 Rf8 58. Ke3 Rf7 59.
Rxf2 Rxf2 60. Kxf2 1/2-1/2

[Event "24th ch-EUR Indiv 2024"]
[Site "Petrovac MNE"]
[Date "2024.11.09"]
[Round "2.57"]
[White "Paichadze, Luka"]
[Black "Agasarov, Benik"]
[Result "1/2-1/2"]
[WhiteTitle "GM"]
[BlackTitle "FM"]
[WhiteElo "2546"]
[BlackElo "2410"]
[WhiteFideId "13602934"]
[BlackFideId "13314823"]
[EventDate "2024.11.08"]

1. e4 e5 2. Nf3 Nf6 3. Nxe5 d6 4. Nf3 Nxe4 5. d3 Nf6 6. d4 g6 7. Nc3 Bg7 8. Qe2+
Qe7 9. Qxe7+ Kxe7 10. Bf4 Bg4 11. Be2 Re8 12. O-O-O Kf8 13. h3 Bd7 14. Rhe1 Nc6
15. Nb5 Nd5 16. Bh2 Nce7 17. c4 Bh6+ 18. Kb1 Bxb5 19. cxb5 a6 20. a3 axb5 21.
Bxb5 Red8 22. Bc4 b5 23. Bb3 b4 24. a4 Nb6 25. Re4 Ned5 26. Kc2 Ra5 27. Ra1 Rda8
28. Ree1 Nf4 29. Bxf4 Bxf4 30. Re4 Bh6 31. Rae1 c5 32. dxc5 dxc5 33. Ne5 c4 34.
Nxc4 Rc5 35. Kb1 Nxc4 36. Bxc4 Rxa4 37. Bb3 Ra7 38. Rxb4 Bd2 39. Rb8+ Kg7 40.
Rd1 Bg5 41. Rb4 h5 42. g4 hxg4 43. hxg4 Be7 44. Rf4 Bf6 45. Rb4 Be7 46. Re4 Rb7
47. Bc4 Bf6 48. Rd2 Rb4 49. b3 Rb7 50. Kc2 Ra5 51. Kd1 Re5 52. Rxe5 Bxe5 53. Kc2
Bf6 54. Rd5 Be7 55. Kc3 Bb4+ 56. Kd3 Kf8 57. f3 Ke7 58. Ke4 Bc3 59. Rc5 Bb4 60.
Rc6 Bd2 61. Bd5 Rd7 62. Rc2 Ba5 63. Rc5 Be1 64. Rb5 Ra7 65. Kd3 Rd7 66. Kd4 Bf2+
67. Ke4 Kd6 68. Kd3 f5 69. gxf5 gxf5 70. f4 Bc5 71. Bc4 Kc6+ 72. Ke2 Re7+ 73.
Kf3 Re3+ 74. Kg2 Re4 75. Kg3 Re1 76. Ra5 Rg1+ 77. Kf3 Rc1 78. Be6 Rf1+ 79. Kg3
Rg1+ 80. Kh2 Rg4 81. Bxf5 Rxf4 1/2-1/2

[Event "24th ch-EUR Indiv 2024"]
[Site "Petrovac MNE"]
[Date "2024.11.09"]
[Round "2.58"]
[White "Zemach, Nadav"]
[Black "Gavrilescu, David"]
[Result "1/2-1/2"]
[WhiteTitle "IM"]
[BlackTitle "GM"]
[WhiteElo "2414"]
[BlackElo "2545"]
[WhiteFideId "2820927"]
[BlackFideId "1227190"]
[EventDate "2024.11.08"]

1. d4 d5 2. c4 e6 3. Nc3 c5 4. cxd5 exd5 5. Nf3 Nc6 6. g3 Nf6 7. Bg2 cxd4 8.
Nxd4 Bc5 9. Nb3 Bb6 10. O-O d4 11. Na4 O-O 12. Bg5 h6 13. Bxf6 Qxf6 14. Nxb6
axb6 15. Bxc6 bxc6 16. Qxd4 Rd8 17. Qxf6 gxf6 18. Rfc1 Be6 19. Kf1 Ra4 20. Rc3
c5 21. Ke1 Rb4 22. Rc2 Bxb3 23. axb3 Rxb3 24. Ra3 Rxa3 1/2-1/2

[Event "24th ch-EUR Indiv 2024"]
[Site "Petrovac MNE"]
[Date "2024.11.09"]
[Round "2.59"]
[White "Ivanisevic, Ivan"]
[Black "Ahmad, Khagan"]
[Result "1-0"]
[WhiteTitle "GM"]
[BlackTitle "IM"]
[WhiteElo "2544"]
[BlackElo "2406"]
[WhiteFideId "912417"]
[BlackFideId "13431552"]
[EventDate "2024.11.08"]

1. d4 Nf6 2. c4 e6 3. Nc3 Bb4 4. Qc2 d5 5. Nf3 O-O 6. Bg5 h6 7. Bh4 c5 8. e3
cxd4 9. exd4 Nc6 10. a3 Be7 11. c5 b6 12. Bb5 Bd7 13. O-O a6 14. Bxc6 Bxc6 15.
Ne5 Rc8 16. b4 Nd7 17. Nxc6 Rxc6 18. Qa4 b5 19. Bxe7 Qxe7 20. Qc2 Nb8 21. Qe2
Qf6 22. Rad1 Rcc8 23. Rd3 Nc6 24. Qd2 Ra8 25. h3 Rfb8 26. Rd1 Qg5 27. Qe2 g6 28.
Rg3 Qf6 29. Qd2 Kg7 30. Rg4 a5 31. Rf4 Qd8 32. Qe2 axb4 33. axb4 Qc7 34. g3 Qb7
35. h4 Nxb4 36. Qe5+ Kg8 37. h5 Nc6 38. Qf6 Qe7 39. Nxd5 Qxf6 40. Nxf6+ Kg7 41.
hxg6 fxg6 42. Re1 b4 43. Re3 e5 44. Rxe5 b3 45. Re6 Rb7 46. Rxc6 b2 47. Ne4 Ra2
48. Nd2 Ra1+ 49. Kg2 Rd1 50. Rff6 Rxd2 51. Rxg6+ Kf7 52. Rcf6+ Ke7 53. Rg7+ Kxf6
54. Rxb7 Ke6 55. c6 Rc2 56. Rb5 Kd6 57. d5 h5 58. Kf3 Rd2 59. Ke3 Rc2 60. f3 Rg2
61. Kf4 Rd2 62. Rb7 Rxd5 63. Rxb2 Kxc6 64. Rb8 Kd7 65. Rg8 Ra5 66. Rg5 Ra4+ 67.
Kf5 h4 68. Rg7+ Ke8 69. g4 Ra3 70. Kf4 Ra4+ 71. Kg5 Ra3 72. f4 h3 73. f5 Kf8 74.
f6 Rg3 75. Rh7 Kg8 76. Rh6 Kf7 77. Rh7+ Kg8 78. f7+ Kf8 79. Kf6 Rf3+ 80. Kg6 Ke7
81. g5 Kf8 82. Rh8+ Ke7 83. Re8+ 1-0

[Event "24th ch-EUR Indiv 2024"]
[Site "Petrovac MNE"]
[Date "2024.11.09"]
[Round "2.60"]
[White "Shohat, Yotam"]
[Black "Nasuta, Grzegorz"]
[Result "0-1"]
[WhiteTitle "IM"]
[BlackTitle "GM"]
[WhiteElo "2412"]
[BlackElo "2543"]
[WhiteFideId "2813955"]
[BlackFideId "1141686"]
[EventDate "2024.11.08"]

1. e4 c5 2. Nf3 d6 3. d4 cxd4 4. Nxd4 Nf6 5. Nc3 Nc6 6. Bg5 e6 7. Qd2 a6 8.
O-O-O Be7 9. Kb1 Nxd4 10. Qxd4 h6 11. Bh4 O-O 12. e5 dxe5 13. Qxe5 Bd7 14. Be2
Qe8 15. Rd3 Bc6 16. Rhd1 Qb8 17. Qxb8 Raxb8 18. f3 Rbd8 19. a3 Rxd3 20. Rxd3 Rc8
21. Rd1 Kf8 22. Bf2 Rd8 23. Rxd8+ Bxd8 24. b4 Bc7 25. Bg3 Bxg3 26. hxg3 Nh5 27.
g4 Nf4 28. Bf1 f5 29. gxf5 exf5 30. Kc1 h5 31. Kd2 h4 32. Ke3 g5 33. a4 Ke7 34.
b5 axb5 35. axb5 Bd7 36. Na4 Kd6 37. c4 Ne6 38. Nb6 Nc5 39. Nxd7 Kxd7 40. Be2
Kd6 41. f4 g4 42. b6 Kc6 43. Kd4 Nb3+ 44. Ke3 Kc5 45. Bf1 Na5 46. Bd3 Nxc4+ 47.
Ke2 Nd6 48. Ke3 Kxb6 49. Kd4 g3 50. Bf1 Ne4 51. Ke5 Nd2 52. Kxf5 h3 0-1

[Event "24th ch-EUR Indiv 2024"]
[Site "Petrovac MNE"]
[Date "2024.11.09"]
[Round "2.61"]
[White "Ahmadzada, Ahmad"]
[Black "Socko, Monika"]
[Result "1/2-1/2"]
[WhiteTitle "GM"]
[BlackTitle "GM"]
[WhiteElo "2542"]
[BlackElo "2403"]
[WhiteFideId "13413007"]
[BlackFideId "1106619"]
[EventDate "2024.11.08"]

1. e4 e6 2. d4 d5 3. e5 c5 4. c3 Nc6 5. Nf3 Bd7 6. Be2 Rc8 7. O-O h6 8. Na3 cxd4
9. cxd4 Bxa3 10. bxa3 Nge7 11. Rb1 Na5 12. Bd3 O-O 13. Ne1 f5 14. exf6 Rxf6 15.
Nf3 Be8 16. Ne5 Bg6 17. Nxg6 Nxg6 18. Qg4 Nf8 19. Bd2 b6 20. Rbe1 Nc4 21. Bc1 b5
22. Re2 Qb6 23. Rd1 Rc7 24. Bc2 Rcf7 25. Qg3 a6 26. h3 Nd6 27. f3 Nc4 28. f4 Nd6
29. Kh2 Rc7 30. Qf2 Rcf7 31. Bd3 Ng6 32. g3 Nf8 33. Bd2 Nc4 34. Bc1 Nd6 35. Bb1
Rc7 36. Qf3 Nf5 37. Bb2 Ng6 38. Rde1 Rc6 39. Qd3 Nf8 40. g4 Nd6 41. Qg3 1/2-1/2